[Event "TCh-FRA Top 12 2012"]
[Site "Belfort FRA"]
[Date "2012.06.08"]
[Round "9.3"]
[White "Edouard, Romain"]
[Black "Sanchez, Joseph"]
[Result "1-0"]
[WhiteTitle "GM"]
[BlackTitle "GM"]
[WhiteElo "2625"]
[BlackElo "2531"]
[WhiteTeam "Echiquier Chalonnais"]
[BlackTeam "GRASSE Echecs"]
[WhiteFideId "633429"]
[BlackFideId "5201233"]
[EventDate "2012.05.31"]

1. e4 c5 2. Nf3 Nc6 3. d4 cxd4 4. Nxd4 e5 5. Nb5 d6 6. N1c3 a6 7. Na3 b5 8. Nd5
Nge7 9. c4 Nxd5 10. exd5 Nd4 11. Bd3 bxc4 12. Nxc4 Be7 13. Be3 O-O 14. Bxd4 exd4
15. O-O Rb8 16. Qf3 a5 17. Rfe1 Bf6 18. b3 Ba6 19. Nd2 Bxd3 20. Qxd3 a4 21. Nc4
axb3 22. axb3 Rb5 23. Ra6 Qb8 24. Rb1 Re8 25. g3 Rxd5 26. Qf3 Rc5 27. Nxd6 Rd8
28. Ne4 Rb5 29. Nxf6+ gxf6 30. Rxf6 Qb7 31. Qg4+ Kh8 32. Qh4 Qe7 33. Qf4 Kg7 34.
Rc6 d3 35. Qg4+ Rg5 36. Qf3 Qe2 37. Qf6+ 1-0

[Event "TCh-FRA Top 12 2012"]
[Site "Belfort FRA"]
[Date "2012.06.08"]
[Round "9.5"]
[White "Vernay, Clovis"]
[Black "Nanu, Costica-Ciprian"]
[Result "1/2-1/2"]
[WhiteTitle "IM"]
[BlackTitle "GM"]
[WhiteElo "2441"]
[BlackElo "2520"]
[WhiteTeam "Echiquier Chalonnais"]
[BlackTeam "GRASSE Echecs"]
[WhiteFideId "633046"]
[BlackFideId "1204580"]
[EventDate "2012.05.31"]

1. d4 Nf6 2. c4 e6 3. Nc3 Bb4 4. Qc2 c5 5. dxc5 O-O 6. Bg5 Na6 7. a3 Bxc3+ 8.
Qxc3 Nxc5 9. f3 Nfe4 10. Bxd8 Nxc3 11. Be7 Nb3 12. Bxf8 Kxf8 13. Rd1 Nxd1 14.
Kxd1 d5 15. e3 Bd7 16. Kc2 dxc4 17. Bxc4 Na5 18. Bd3 Ba4+ 19. Kc3 Nb3 20. Ne2 a5
21. Bc4 Rc8 22. Kd3 Nc5+ 23. Kd4 Nd7 24. Rc1 e5+ 25. Kd3 Nc5+ 26. Kd2 Bb3 27.
Bb5 Rd8+ 28. Ke1 b6 29. Nc3 Ke7 30. Ke2 f5 31. Nb1 e4 32. Nd2 Bd5 33. Rc3 a4 34.
Nc4 Rb8 35. Nd2 Kd6 36. Nc4+ Ke6 37. Nd2 g5 38. fxe4 fxe4 39. Rc1 h6 40. Rc3 Rf8
41. Rc1 Nd3 42. Bxd3 exd3+ 43. Kxd3 Bxg2 44. e4 Kd7 45. Rg1 Bh3 46. Rg3 Be6 47.
Nf3 Kd6 48. Ke3 Bd7 49. Rg2 g4 50. Rd2+ Kc7 51. Ne5 Be6 52. Rc2+ Kd6 53. Kd4 Rf1
54. Rc6+ Ke7 55. Ng6+ Kf7 56. Ne5+ Ke7 57. Ng6+ Kf7 58. Ne5+ 1/2-1/2

[Event "TCh-FRA Top 12 2012"]
[Site "Belfort FRA"]
[Date "2012.06.08"]
[Round "9.7"]
[White "Cossin, Sebastien"]
[Black "Llanes Hurtado, Miguel"]
[Result "1/2-1/2"]
[WhiteTitle "IM"]
[BlackTitle "GM"]
[WhiteElo "2507"]
[BlackElo "2480"]
[WhiteTeam "Echiquier Chalonnais"]
[BlackTeam "GRASSE Echecs"]
[WhiteFideId "618802"]
[BlackFideId "2206706"]
[EventDate "2012.05.31"]

1. Nf3 Nf6 2. d4 c5 3. e3 g6 4. c4 cxd4 5. exd4 d5 6. Nc3 Bg7 7. Be2 O-O 8. O-O
Nc6 9. h3 dxc4 10. Bxc4 Na5 11. Bd3 Be6 12. Re1 Bd5 13. Ne5 Nc6 14. Be3 Be6 15.
Nf3 Nb4 16. Bf1 Nbd5 17. Bd2 Nxc3 18. bxc3 Bd5 19. c4 Be4 20. Be3 e6 21. Nd2 Bc6
22. Nb3 b6 23. a4 Ne4 24. a5 Nd6 25. Bd3 b5 26. c5 Nc4 27. Be2 a6 28. Bf3 Qd7
29. Bg5 Ra7 30. Qe2 Qb7 31. Bxc6 Qxc6 32. Rac1 Rd7 33. Be3 Rfd8 34. Rxc4 bxc4
35. Qxc4 Rb8 36. Rc1 Rb5 37. Qc3 Rd5 38. Nd2 e5 39. dxe5 Bxe5 40. Qc2 Bd4 41.
Bxd4 Rxd4 42. Qc3 Qd5 43. c6 Rb8 44. Nc4 Qc5 45. c7 Rc8 46. Nb6 Rd1+ 47. Rxd1
Qxc3 48. Rd8+ Kg7 49. Rxc8 Qc1+ 50. Kh2 Qf4+ 51. Kg1 1/2-1/2

[Event "TCh-FRA Top 12 2012"]
[Site "Belfort FRA"]
[Date "2012.06.08"]
[Round "9.8"]
[White "Forestier, Carole"]
[Black "Benmesbah, Natacha"]
[Result "0-1"]
[BlackTitle "WIM"]
[WhiteElo "2096"]
[BlackElo "2208"]
[WhiteTeam "GRASSE Echecs"]
[BlackTeam "Echiquier Chalonnais"]
[WhiteFideId "641405"]
[BlackFideId "642002"]
[EventDate "2012.05.31"]

1. d4 Nf6 2. c4 c5 3. d5 e6 4. Nc3 exd5 5. cxd5 d6 6. e4 g6 7. f4 Bg7 8. Bb5+
Nfd7 9. Bd3 O-O 10. Nf3 Nf6 11. O-O Bg4 12. h3 Bxf3 13. Qxf3 Nbd7 14. f5 Ne5 15.
Qe2 Nh5 16. fxg6 hxg6 17. Qe3 Qh4 18. Bc2 Nc4 19. Qg5 Bd4+ 20. Kh2 Be5+ 21. Kg1
Qxg5 22. Bxg5 Nxb2 23. Rf3 Nc4 24. g4 Bd4+ 25. Kg2 Ne5 26. Raf1 Nxf3 27. Rxf3 f6
28. Bh6 Ng7 29. Nb5 Rad8 30. Bxg7 Kxg7 31. Nc7 b5 32. Ne6+ Kg8 33. Nxd8 Rxd8 34.
Ra3 c4 35. Ra5 Rb8 36. Ra6 Bb6 37. Ra3 b4 38. Rf3 Kg7 39. h4 Bd4 40. h5 gxh5 41.
gxh5 Be5 42. Bd1 Kh6 43. Kh3 Rg8 44. Be2 Rc8 45. Bd1 a6 46. Kh4 Rc5 47. Rf2 Rb5
48. Be2 b3 49. axb3 Rxb3 50. Rg2 Rb2 51. Rg6+ Kh7 52. Bxc4 a5 53. Bf1 Rh2+ 54.
Kg4 a4 55. Kf3 a3 56. Bc4 Rc2 57. Rg2 Rxc4 0-1

[Event "TCh-FRA Top 12 2012"]
[Site "Belfort FRA"]
[Date "2012.06.08"]
[Round "9.1"]
[White "Meier, Georg"]
[Black "Naiditsch, Arkadij"]
[Result "1/2-1/2"]
[WhiteTitle "GM"]
[BlackTitle "GM"]
[WhiteElo "2637"]
[BlackElo "2698"]
[WhiteTeam "VANDOEUVRE Echecs"]
[BlackTeam "MARSEILLE Echecs"]
[WhiteFideId "4675789"]
[BlackFideId "4650891"]
[EventDate "2012.05.31"]

1. e4 e5 2. Nf3 Nc6 3. Bb5 Nf6 4. O-O Nxe4 5. Re1 Nd6 6. Nxe5 Be7 7. Bf1 Nxe5 8.
Rxe5 O-O 9. d4 Bf6 10. Re1 Re8 11. c3 Rxe1 12. Qxe1 Nf5 13. Nd2 d5 14. Nf3 Nh4
15. Nxh4 1/2-1/2

[Event "TCh-FRA Top 12 2012"]
[Site "Belfort FRA"]
[Date "2012.06.08"]
[Round "9.2"]
[White "Istratescu, Andrei"]
[Black "Bauer, Christian"]
[Result "1/2-1/2"]
[WhiteTitle "GM"]
[BlackTitle "GM"]
[WhiteElo "2636"]
[BlackElo "2672"]
[WhiteTeam "MARSEILLE Echecs"]
[BlackTeam "VANDOEUVRE Echecs"]
[WhiteFideId "1200372"]
[BlackFideId "603767"]
[EventDate "2012.05.31"]

1. e4 c6 2. d4 d5 3. e5 Bf5 4. h4 h6 5. g4 Be4 6. Rh3 e6 7. Nd2 Bh7 8. Nb3 Nd7
9. h5 Ne7 10. Bd3 c5 11. Bxh7 Rxh7 12. Nxc5 Nxc5 13. dxc5 Nc6 14. Rb3 Qa5+ 15.
Bd2 Qa6 16. Nf3 Bxc5 17. a4 Rc8 18. Bc3 Qc4 19. Qd3 Qxd3 20. cxd3 d4 21. Bd2 b6
22. a5 Rh8 23. axb6 Bxb6 24. Kd1 Kd7 25. Ra4 Rb8 26. Kc2 Rhf8 27. Bf4 Rfc8 28.
Kb1 Bc5 29. Rxb8 Rxb8 30. Nd2 Nb4 31. Ne4 Nxd3 32. Nxc5+ Nxc5 33. Rxa7+ Nb7 34.
g5 hxg5 35. Bxg5 1/2-1/2

[Event "TCh-FRA Top 12 2012"]
[Site "Belfort FRA"]
[Date "2012.06.08"]
[Round "9.3"]
[White "Landa, Konstantin"]
[Black "Miton, Kamil"]
[Result "1/2-1/2"]
[WhiteTitle "GM"]
[BlackTitle "GM"]
[WhiteElo "2646"]
[BlackElo "2622"]
[WhiteTeam "VANDOEUVRE Echecs"]
[BlackTeam "MARSEILLE Echecs"]
[WhiteFideId "4101685"]
[BlackFideId "1111914"]
[EventDate "2012.05.31"]

1. e4 c6 2. Nc3 d5 3. Nf3 Bg4 4. h3 Bxf3 5. Qxf3 e6 6. g3 Nf6 7. Bg2 dxe4 8.
Nxe4 Nxe4 9. Qxe4 Qd5 10. d3 Nd7 11. f4 g6 12. Qe2 Qd6 13. c3 Bg7 14. d4 O-O 15.
O-O Nf6 16. Be3 Nd5 17. Bf2 Rfd8 18. a4 Qc7 19. a5 b5 20. axb6 1/2-1/2

[Event "TCh-FRA Top 12 2012"]
[Site "Belfort FRA"]
[Date "2012.06.08"]
[Round "9.5"]
[White "Nezar, Mustapha"]
[Black "Gozzoli, Yannick"]
[Result "0-1"]
[WhiteTitle "IM"]
[BlackTitle "GM"]
[WhiteElo "2391"]
[BlackElo "2551"]
[WhiteTeam "VANDOEUVRE Echecs"]
[BlackTeam "MARSEILLE Echecs"]
[WhiteFideId "608637"]
[BlackFideId "616915"]
[EventDate "2012.05.31"]

1. c4 Nf6 2. Nc3 e5 3. g3 Bb4 4. Bg2 Bxc3 5. dxc3 d6 6. e4 O-O 7. Ne2 a6 8. O-O
b5 9. cxb5 axb5 10. Bg5 Bb7 11. Nc1 Nbd7 12. Re1 h6 13. Bd2 Nc5 14. Qc2 Ra4 15.
b4 Ne6 16. Nb3 c5 17. Na5 Ba8 18. a3 Qc7 19. Qd3 c4 20. Qe2 Rxa5 21. bxa5 Nc5
22. a6 Nfxe4 23. a4 bxa4 24. Bxe4 Nxe4 25. Bxh6 gxh6 26. Qg4+ Ng5 27. h4 Qc6 28.
Kf1 Qg2+ 29. Ke2 Bf3+ 0-1

[Event "TCh-FRA Top 12 2012"]
[Site "Belfort FRA"]
[Date "2012.06.08"]
[Round "9.6"]
[White "Delchev, Aleksander"]
[Black "Paci, Cedric"]
[Result "1-0"]
[WhiteTitle "GM"]
[BlackTitle "FM"]
[WhiteElo "2622"]
[BlackElo "2379"]
[WhiteTeam "MARSEILLE Echecs"]
[BlackTeam "VANDOEUVRE Echecs"]
[WhiteFideId "2900394"]
[BlackFideId "614203"]
[EventDate "2012.05.31"]

1. c4 b6 2. d4 Bb7 3. Nc3 e6 4. a3 f5 5. d5 Nf6 6. g3 Na6 7. Bg2 Nc5 8. Nh3 Bd6
9. O-O Be5 10. Qc2 O-O 11. Rd1 Qe7 12. Be3 c6 13. dxe6 dxe6 14. Rac1 Bxc3 15.
Qxc3 Nce4 16. Bxe4 Nxe4 17. Qe5 c5 18. f3 Nf6 19. Rd6 Rae8 20. Rcd1 Bc8 21. Nf4
g5 22. Nd3 Nd7 23. Rxd7 Bxd7 24. Bd2 Qg7 25. Qd6 Ba4 26. Bc3 Qh6 27. Rd2 Rd8 28.
Qe5 Kf7 29. Qc7+ Kg8 30. Qxa7 Bc6 31. Qxb6 Ba8 32. Nxc5 Rde8 33. Nd7 Rf7 34. Ne5
Rfe7 35. c5 g4 36. f4 Be4 37. c6 Qh3 38. e3 h5 39. Ng6 h4 40. Nxe7+ Kf7 41. Qd4 1-0

[Event "TCh-FRA Top 12 2012"]
[Site "Belfort FRA"]
[Date "2012.06.08"]
[Round "9.7"]
[White "Philippe, Christophe"]
[Black "Maze, Sebastien"]
[Result "1/2-1/2"]
[WhiteTitle "IM"]
[BlackTitle "GM"]
[WhiteElo "2403"]
[BlackElo "2594"]
[WhiteTeam "VANDOEUVRE Echecs"]
[BlackTeam "MARSEILLE Echecs"]
[WhiteFideId "610038"]
[BlackFideId "613762"]
[EventDate "2012.05.31"]

1. e4 c5 2. Nf3 Nc6 3. d4 cxd4 4. Nxd4 g6 5. Nc3 Bg7 6. Be3 Nf6 7. Bc4 Qa5 8.
O-O O-O 9. Bb3 d6 10. Nd5 Re8 11. Nxf6+ Bxf6 12. c3 Bd7 13. f4 Qc7 14. Qf3 Na5
15. f5 Nxb3 16. axb3 Kh8 17. fxg6 fxg6 18. Qg3 Bc6 19. Ne6 Qd7 20. Ng5 Kg7 21.
Qh4 Rh8 22. e5 dxe5 23. Rad1 Qc8 24. Qc4 Be8 25. Ne6+ Kg8 26. Qxc8 Rxc8 27. Bxa7
Bf7 28. Rd8+ Rxd8 29. Nxd8 Bxb3 30. Nxb7 Kf7 31. Be3 Bc4 32. Rf2 Ra8 33. h3 Ra1+
34. Kh2 Re1 35. Bd2 Rb1 36. Be3 Re1 37. Bd2 Rb1 38. Be3 1/2-1/2

[Event "TCh-FRA Top 12 2012"]
[Site "Belfort FRA"]
[Date "2012.06.09"]
[Round "10.2"]
[White "Gharamian, Tigran"]
[Black "So, Wesley"]
[Result "1/2-1/2"]
[WhiteTitle "GM"]
[BlackTitle "GM"]
[WhiteElo "2672"]
[BlackElo "2653"]
[WhiteTeam "L'Echiquier Deauvillais"]
[BlackTeam "CLICHY Echecs 92"]
[WhiteFideId "13301527"]
[BlackFideId "5202213"]
[EventDate "2012.05.31"]

1. e4 c5 2. Nf3 d6 3. d4 cxd4 4. Nxd4 Nf6 5. Nc3 a6 6. Bg5 Nbd7 7. f4 Qc7 8. Qf3
b5 9. O-O-O Bb7 10. Bd3 g6 11. Nd5 Nxd5 12. exd5 Bg7 13. Nc6 Bf6 14. h4 h6 15.
Bxf6 Nxf6 16. f5 gxf5 17. Bxf5 Nxd5 18. Qxd5 Bxc6 19. Qd4 Rf8 20. Rhe1 Bd7 21.
Rxe7+ Kxe7 22. Re1+ Be6 23. Qg7 Qc4 24. Rxe6+ Qxe6 25. Bxe6 Kxe6 26. Qxh6+ f6
27. Qe3+ Kf7 28. Qd3 Ke6 29. Qe4+ Kf7 30. Qh7+ Ke6 31. Qe4+ Kf7 32. g4 Rh8 33.
g5 fxg5 34. hxg5 Raf8 35. b3 Rhg8 36. Qf5+ Ke7 37. Qh7+ Ke6 38. Kb2 Rc8 39. Qh3+
Ke5 40. Qg3+ Ke6 41. Qf4 Rcf8 42. Qe4+ Kd7 43. Qb7+ Ke6 44. Qh7 Re8 45. Qh3+ Ke5
46. Qg3+ Kf5 47. Qxd6 1/2-1/2

[Event "TCh-FRA Top 12 2012"]
[Site "Belfort FRA"]
[Date "2012.06.09"]
[Round "10.3"]
[White "Tregubov, Pavel V."]
[Black "Bellaiche, Anthony"]
[Result "0-1"]
[WhiteTitle "GM"]
[BlackTitle "IM"]
[WhiteElo "2596"]
[BlackElo "2496"]
[WhiteTeam "CLICHY Echecs 92"]
[BlackTeam "L'Echiquier Deauvillais"]
[WhiteFideId "4115341"]
[BlackFideId "615668"]
[EventDate "2012.05.31"]

1. d4 Nf6 2. c4 e6 3. Nf3 d5 4. Nc3 Bb4 5. cxd5 exd5 6. Bg5 Nbd7 7. Rc1 h6 8.
Bh4 c5 9. dxc5 Qa5 10. a3 Bxc3+ 11. Rxc3 Ne4 12. b4 Nxc3 13. Qa1 Qa4 14. Qxc3
O-O 15. e3 a5 16. b5 Nxc5 17. Qxc5 Bf5 18. Qd4 Qxa3 19. Be2 Qa2 20. Qd2 Qb1+ 21.
Qd1 Qb4+ 22. Qd2 Rfc8 23. Nd4 Qb1+ 24. Bd1 Bd3 25. Be7 Bxb5 26. Nxb5 Qxb5 27.
Ba3 a4 28. f3 Qc4 29. Rf1 b5 30. Rf2 Rcb8 31. Qb4 Qd3 32. Bc2 Qxe3+ 33. Re2 Qg1+
34. Kd2 d4 35. Be4 Ra6 36. Qc5 b4 37. Qc7 Re8 38. Bxb4 Rae6 39. Qc2 Qxh2 40.
Qxa4 Qf4+ 41. Kd3 Rc8 42. Bd2 Qb8 43. Re1 Kh8 44. Ra1 Rce8 45. Qc4 Qg3 46. Kc2
Qxf3 47. gxf3 Rc8 48. Kd3 Rce8 49. Kc2 Rc8 0-1

[Event "TCh-FRA Top 12 2012"]
[Site "Belfort FRA"]
[Date "2012.06.09"]
[Round "10.4"]
[White "Cornette, Matthieu"]
[Black "Van Wely, Loek"]
[Result "0-1"]
[WhiteTitle "GM"]
[BlackTitle "GM"]
[WhiteElo "2552"]
[BlackElo "2682"]
[WhiteTeam "L'Echiquier Deauvillais"]
[BlackTeam "CLICHY Echecs 92"]
[WhiteFideId "620084"]
[BlackFideId "1000268"]
[EventDate "2012.05.31"]

1. d4 d5 2. c4 c6 3. Nf3 Nf6 4. e3 Bf5 5. Nc3 e6 6. Nh4 Be4 7. f3 Bg6 8. Qb3 Qc7
9. g3 Nbd7 10. Bd2 Be7 11. Nxg6 hxg6 12. O-O-O dxc4 13. Bxc4 b5 14. Be2 a6 15.
Kb1 c5 16. dxc5 Nxc5 17. Nxb5 axb5 18. Bxb5+ Nfd7 19. Qc2 O-O 20. Bb4 Nf6 21. e4
Rfb8 22. a4 Qb6 23. Bxc5 Bxc5 24. Rd3 Bd4 25. Rc1 e5 26. Qc7 Qe6 27. Rc6 Qh3 28.
Rd2 Rxb5 29. axb5 Qf1+ 30. Rc1 Qxf3 31. Qb7 Qxe4+ 32. Qxe4 Nxe4 33. Rdc2 Ra4 34.
Rc8+ Kh7 35. b3 Rb4 36. Ka2 Rxb5 37. Ka3 f5 38. b4 g5 39. Ka4 Rb7 40. R1c7 Rxc7
41. Rxc7 f4 0-1

[Event "TCh-FRA Top 12 2012"]
[Site "Belfort FRA"]
[Date "2012.06.09"]
[Round "10.5"]
[White "Hamdouchi, Hicham"]
[Black "Battaglini, Gabriel"]
[Result "1-0"]
[WhiteTitle "GM"]
[BlackTitle "IM"]
[WhiteElo "2627"]
[BlackElo "2412"]
[WhiteTeam "CLICHY Echecs 92"]
[BlackTeam "L'Echiquier Deauvillais"]
[WhiteFideId "9000011"]
[BlackFideId "621650"]
[EventDate "2012.05.31"]

1. e4 c6 2. c4 e5 3. Nf3 d6 4. d4 Nd7 5. Be2 Ngf6 6. Nc3 Be7 7. O-O O-O 8. b4 a5
9. b5 exd4 10. Qxd4 Nc5 11. Ba3 Qc7 12. Rad1 Nfd7 13. Qe3 Re8 14. Nd4 g6 15. Qg3
Bf8 16. Nf5 Rxe4 17. Nxe4 Nxe4 18. Nh6+ Bxh6 19. Qh4 Nc3 20. Qxh6 Nxd1 21. Rxd1
Nc5 22. Bb2 Ne6 23. Bf6 d5 24. Rd4 1-0

[Event "TCh-FRA Top 12 2012"]
[Site "Belfort FRA"]
[Date "2012.06.09"]
[Round "10.7"]
[White "Delorme, Axel"]
[Black "Godard, Maxence"]
[Result "1/2-1/2"]
[WhiteTitle "IM"]
[BlackTitle "IM"]
[WhiteElo "2450"]
[BlackElo "2363"]
[WhiteTeam "CLICHY Echecs 92"]
[BlackTeam "L'Echiquier Deauvillais"]
[WhiteFideId "632023"]
[BlackFideId "603694"]
[EventDate "2012.05.31"]

1. d4 Nf6 2. c4 e6 3. Nc3 Bb4 4. a3 Bxc3+ 5. bxc3 c5 6. e3 Nc6 7. Bd3 b6 8. Ne2
O-O 9. e4 Ne8 10. O-O Ba6 11. Ng3 cxd4 12. cxd4 Nxd4 13. Bb2 Nc6 14. e5 f5 15.
exf6 Nxf6 16. Nh5 Rf7 17. Nxf6+ gxf6 18. Qh5 Qe7 19. Rae1 Raf8 20. Re3 Rg7 21.
Rg3 Rxg3 22. hxg3 Rf7 23. Re1 Qc5 24. Qh3 Ne5 25. Bxe5 fxe5 26. Qg4+ Kf8 27. Re3
Qxa3 28. Qg5 Qe7 29. Qxe5 Qf6 30. Qd6+ Kg7 31. Rf3 Qa1+ 32. Kh2 Bc8 33. Be4 Qb2
34. Qc7 Rxf3 35. Bxf3 Qd2 36. Qxc8 1/2-1/2

[Event "TCh-FRA Top 12 2012"]
[Site "Belfort FRA"]
[Date "2012.06.09"]
[Round "10.2"]
[White "Salgado Lopez, Ivan"]
[Black "Postny, Evgeny"]
[Result "1/2-1/2"]
[WhiteTitle "GM"]
[BlackTitle "GM"]
[WhiteElo "2623"]
[BlackElo "2651"]
[WhiteTeam "Echiquier Chalonnais"]
[BlackTeam "METZ Fischer"]
[WhiteFideId "2257327"]
[BlackFideId "2804344"]
[EventDate "2012.05.31"]

1. e4 e5 2. Nf3 Nc6 3. Bb5 a6 4. Ba4 Nf6 5. O-O Be7 6. Re1 b5 7. Bb3 d6 8. c3
O-O 9. h3 Be6 10. d4 Bxb3 11. Qxb3 Qd7 12. Qd1 Rfe8 13. Nbd2 exd4 14. cxd4 Bf8
15. b3 Nb4 16. Re3 Qc6 17. Bb2 Nxe4 18. d5 Qc2 19. Qxc2 Nxc2 20. Rxe4 Nxa1 21.
Bxa1 Rxe4 22. Nxe4 Re8 23. Ned2 g6 24. Bc3 1/2-1/2

[Event "TCh-FRA Top 12 2012"]
[Site "Belfort FRA"]
[Date "2012.06.09"]
[Round "10.3"]
[White "Iordachescu, Viorel"]
[Black "Cossin, Sebastien"]
[Result "1-0"]
[WhiteTitle "GM"]
[BlackTitle "IM"]
[WhiteElo "2614"]
[BlackElo "2507"]
[WhiteTeam "METZ Fischer"]
[BlackTeam "Echiquier Chalonnais"]
[WhiteFideId "13900200"]
[BlackFideId "618802"]
[EventDate "2012.05.31"]

1. c4 Nf6 2. Nc3 g6 3. g3 c5 4. Bg2 Bg7 5. Nf3 d5 6. cxd5 Nxd5 7. O-O O-O 8. Ng5
e6 9. d3 Nc6 10. Nge4 b6 11. Bg5 f6 12. Bd2 Nde7 13. Rc1 h6 14. Nb5 Bd7 15. a4
Nd5 16. e3 a6 17. Na3 f5 18. Nc3 Ndb4 19. d4 Kh7 20. Ne2 Rb8 21. Nf4 g5 22. Nh5
Bh8 23. Nc4 b5 24. axb5 axb5 25. Bxb4 Nxb4 26. Ne5 c4 27. Ra1 Qc7 28. Nxd7 Qxd7
29. g4 Nd3 30. Qe2 Kg8 31. h3 Rf7 32. gxf5 exf5 33. Ra6 Bg7 34. Nxg7 Rxg7 35.
Qh5 Qf7 36. Qxg5 hxg5 37. Rf6 Nxb2 1-0

[Event "TCh-FRA Top 12 2012"]
[Site "Belfort FRA"]
[Date "2012.06.09"]
[Round "10.4"]
[White "Krasenkow, Michal"]
[Black "Koch, Jean-Rene"]
[Result "1-0"]
[WhiteTitle "GM"]
[BlackTitle "IM"]
[WhiteElo "2604"]
[BlackElo "2484"]
[WhiteTeam "Echiquier Chalonnais"]
[BlackTeam "METZ Fischer"]
[WhiteFideId "1113100"]
[BlackFideId "600148"]
[EventDate "2012.05.31"]

1. d4 d5 2. c4 e6 3. Nc3 c5 4. cxd5 exd5 5. Nf3 Nc6 6. dxc5 d4 7. Na4 Bxc5 8.
Nxc5 Qa5+ 9. Bd2 Qxc5 10. Rc1 Qb6 11. e3 Nf6 12. Bc4 dxe3 13. Bxe3 Qb4+ 14. Kf1
Be6 15. Bxe6 fxe6 16. Qe2 Qa5 17. Ng5 Qxa2 18. Qb5 O-O 19. Qxb7 Rac8 20. Kg1 Qd5
21. h3 h6 22. Nf3 Qd7 23. Qxd7 Nxd7 24. Kh2 Nf6 25. Rc4 Nd5 26. Re1 a5 27. Bd2
Ncb4 28. Rxc8 Rxc8 29. Rxe6 Rc2 30. Re8+ Kf7 31. Ra8 Rxb2 32. Rxa5 Ke6 33. Ra7
Kf6 34. Rd7 Rc2 35. g4 Rc5 36. h4 Nd3 37. Kg3 Nb2 38. Rxd5 Rxd5 39. Bc3+ Kf7 40.
Bxb2 Rb5 41. Bd4 g6 42. Kf4 Kg8 43. Ne5 Rb4 44. Ke4 Kh7 45. f4 Ra4 46. f5 gxf5+
47. gxf5 Ra6 48. Ng4 Ra2 49. Kd5 Rg2 50. Nf6+ Kg7 51. Ke6 Re2+ 52. Be5 1-0

[Event "TCh-FRA Top 12 2012"]
[Site "Belfort FRA"]
[Date "2012.06.09"]
[Round "10.5"]
[White "Neiman, Emmanuel"]
[Black "Dourerassou, Jonathan"]
[Result "1-0"]
[WhiteTitle "FM"]
[BlackTitle "IM"]
[WhiteElo "2335"]
[BlackElo "2462"]
[WhiteTeam "METZ Fischer"]
[BlackTeam "Echiquier Chalonnais"]
[WhiteFideId "601616"]
[BlackFideId "628050"]
[EventDate "2012.05.31"]

1. g3 e5 2. c4 Nf6 3. Bg2 d5 4. cxd5 Nxd5 5. Nc3 Nb6 6. Nf3 Nc6 7. a3 Be7 8. b4
Be6 9. O-O O-O 10. d3 a5 11. b5 Nd4 12. Rb1 f6 13. Nd2 Rb8 14. e3 Nf5 15. Nb3 a4
16. Na5 Nd6 17. Bd2 Ra8 18. Nxb7 Nxb7 19. Bxb7 Rb8 20. Bg2 Qxd3 21. Be4 Qc4 22.
Qc2 f5 23. Bd3 Qg4 24. f3 Qh3 25. Nxa4 Nxa4 26. Qxa4 Ra8 27. Qc2 Rxa3 28. Bc4
Qh6 29. b6 f4 30. b7 Rb8 31. exf4 Bxc4 32. Qxc4+ Kf8 33. Qxc7 Qd6 34. Qxd6 Bxd6
35. fxe5 Bc5+ 36. Kh1 Rd3 37. Rfc1 Ba7 38. Bb4+ Kf7 39. Bd6 Re8 40. b8=Q 1-0

[Event "TCh-FRA Top 12 2012"]
[Site "Belfort FRA"]
[Date "2012.06.09"]
[Round "10.7"]
[White "Hisler, Thomas"]
[Black "Vernay, Clovis"]
[Result "0-1"]
[BlackTitle "IM"]
[WhiteElo "2247"]
[BlackElo "2441"]
[WhiteTeam "METZ Fischer"]
[BlackTeam "Echiquier Chalonnais"]
[WhiteFideId "617997"]
[BlackFideId "633046"]
[EventDate "2012.05.31"]

1. e4 e6 2. d4 d5 3. Nc3 Bb4 4. e5 b6 5. Qg4 Bf8 6. h4 Qd7 7. h5 h6 8. Be3 Ba6
9. Nge2 Ne7 10. O-O-O Nbc6 11. f4 Na5 12. Bf2 Qc6 13. Qf3 b5 14. Nb1 b4 15. b3
Qb6 16. g4 Nac6 17. f5 Bxe2 18. Bxe2 a5 19. Rhf1 a4 20. Bd3 axb3 21. axb3 Kd7
22. Qe2 Ra1 23. Bb5 Qa7 24. Bh4 Kc8 25. Bxe7 Bxe7 26. f6 gxf6 27. exf6 Nxd4 28.
Rxd4 Bc5 29. c3 Bxd4 30. cxd4 Qxd4 31. Ba6+ Kd7 32. Qb5+ Kd6 33. Qd3 Qb6 34. Bb5
Ra2 35. Qg3+ e5 36. Bd3 Qd4 37. Rf5 Rg8 38. g5 Rxg5 39. Rxg5 hxg5 40. h6 Qb2+
41. Kd1 Qh2 42. Qe1 c5 43. h7 e4 44. Nd2 Qxh7 45. Qg3+ Ke6 46. Bf1 Qh5+ 47. Kc1
g4 48. Qc7 Qe5 49. Qc8+ Kxf6 50. Qh8+ Kf5 51. Qh5+ Ke6 52. Qxg4+ Kd6 53. Kd1 e3
54. Nb1 Qd4+ 55. Qxd4 cxd4 56. Ke1 Ra5 0-1

[Event "TCh-FRA Top 12 2012"]
[Site "Belfort FRA"]
[Date "2012.06.09"]
[Round "10.8"]
[White "Benmesbah, Natacha"]
[Black "Leconte, Maria"]
[Result "1/2-1/2"]
[WhiteTitle "WIM"]
[BlackTitle "WGM"]
[WhiteElo "2208"]
[BlackElo "2260"]
[WhiteTeam "Echiquier Chalonnais"]
[BlackTeam "METZ Fischer"]
[WhiteFideId "642002"]
[BlackFideId "618446"]
[EventDate "2012.05.31"]

1. e4 e6 2. d4 d5 3. Nc3 Bb4 4. Qd3 Ne7 5. Bd2 O-O 6. a3 Bxc3 7. Bxc3 b6 8. Ne2
Ba6 9. Qf3 dxe4 10. Qxe4 Qd5 11. Ng3 Bxf1 12. Rxf1 1/2-1/2

[Event "TCh-FRA Top 12 2012"]
[Site "Belfort FRA"]
[Date "2012.06.09"]
[Round "10.1"]
[White "Naiditsch, Arkadij"]
[Black "Fedorchuk, Sergey A."]
[Result "1/2-1/2"]
[WhiteTitle "GM"]
[BlackTitle "GM"]
[WhiteElo "2698"]
[BlackElo "2634"]
[WhiteTeam "MARSEILLE Echecs"]
[BlackTeam "EVRY Grand Roque"]
[WhiteFideId "4650891"]
[BlackFideId "14102536"]
[EventDate "2012.05.31"]

1. c4 Nf6 2. Nc3 e6 3. e4 d5 4. e5 d4 5. exf6 dxc3 6. bxc3 Qxf6 7. Nf3 e5 8. d4
Nc6 9. d5 Nb8 10. Bd3 Nd7 11. O-O h6 12. Re1 Bd6 13. Bc2 b6 14. Rb1 Kf8 15. Be3
g6 16. Nd2 Qd8 17. f4 Kg7 18. f5 Nf6 19. Rf1 g5 20. h4 Qe7 21. Qe1 Ba6 22. Bd3
Rag8 23. Be2 1/2-1/2